[Event "Cellavision Cup 2018"]
[Site "Lund"]
[Date "2018.08.04"]
[Round "5"]
[White "Kiese, Matthias, Prof. Dr."]
[Black "Himanshu, Sharma"]
[Result "0-1"]
[WhiteElo "2194"]
[BlackElo "2436"]
[Annotator "TA"]
[PlyCount "118"]
[EventDate "2018.08.03"]
[EventType "swiss"]
[EventCountry "SWE"]
[SourceTitle "playchess.com"]
[Source "ChessBase"]
[SourceQuality "1"]

{[%evp 15,118,22,51,59,79,50,85,45,43,44,41,34,37,33,34,25,27,27,25,18,37,31,16,16,21,0,0,0,0,0,5,0,0,0,0,0,5,6,12,0,0,0,0,0,0,6,0,0,0,0,0,0,0,0,0,0,0,0,0,0,0,0,0,0,0,0,0,0,0,0,0,0,0,0,0,0,0,0,0,-55,-55,-252,-266,-317,-291,-319,-301,-390,-267,-575,-548,-552,-525,-5214,-5210,-5210,-5210,-5210,-5210,-29984,-29985,-29985,-29986,-29985,-29986]} 1. d4 d5 2. Nf3 Nf6 3. c4 c6 4. Nc3 a6 5. cxd5 cxd5 6. Bf4 Nc6 7. e3 Qb6 8. a3 {D13: Slav Defence: Exchange variation without ...Bf5} Bf5 {LiveBook: 3 Games} 9. Na4 Qa7 10. Rc1 {White is better.} Nd7 11. h3 $146 ({Predecessor:} 11. Be2 e6 12. O-O Be7 13. b4 O-O 14. Qb3 Rfc8 15. Nc5 {½-½ (78) Salov,V (2655)-Granda Zuniga,J (2615) Madrid 1992}) 11... e6 12. Bd3 Bxd3 13. Qxd3 Be7 14. O-O O-O {[%cal Bh8f8,Bf8c8,Bc8c6][%mdl 32]} 15. Rc2 Nb6 16. Nxb6 Qxb6 17. Ne5 {Threatens to win with Nd7.} Nxe5 18. Bxe5 Rfc8 19. Rfc1 Rc6 20. g4 Rac8 21. Kg2 g6 22. Bf4 Kf8 23. a4 Ke8 24. Rxc6 Rxc6 25. Rxc6 bxc6 26. b3 Kd7 27. Be5 a5 28. Bf4 f6 29. h4 Ke8 30. h5 Kf7 31. hxg6+ hxg6 32. Bg3 c5 33. dxc5 Bxc5 34. Qc3 g5 35. Qc2 Kg7 36. Qd3 Qb4 37. Qc2 Qb6 38. Qd3 Qc6 39. f3 Bb6 40. Bf2 e5 41. Qf5 e4 42. fxe4 dxe4 43. Kh3 Bc5 44. Kg2 Bb4 45. Qb5 Qe6 46. Kh3 Qxb3 47. Qd7+ (47. Qb7+ $11 Qf7 48. Qxe4) 47... Qf7 $15 48. Qf5 $2 {[#]} ({White should play} 48. Qc6 $15) 48... Qe8 $1 $19 49. Kg2 Qxa4 50. Qxe4 Qd7 51. Kf3 Bc3 {Hoping for ...a4.} 52. Bg3 $2 {[#]} (52. Qc4 {is more resistant.} Be5 53. Be1) 52... a4 {[%cal Ba5a4,Ba4a3,Ba3a2][%mdl 32]} 53. Qc4 Bb2 54. Be1 a3 55. Qb3 Qf7 56. Qb4 Qa7 57. Bc3 Bxc3 {Black mates.} 58. Qxc3 a2 59. Qa1 Qb7+ {Precision: White = 51%, Black = 80%.} 0-1

[Event "Cellavision Cup 2018"]
[Site "Lund"]
[Date "2018.08.04"]
[Round "5"]
[White "Olofsson-Dolk, Mattis"]
[Black "Hansen, Torbjorn Ringdal"]
[Result "1/2-1/2"]
[WhiteElo "2189"]
[BlackElo "2422"]
[Annotator "NA RC"]
[PlyCount "89"]
[EventDate "2018.08.03"]
[EventType "swiss"]
[EventCountry "SWE"]
[SourceTitle "playchess.com"]
[Source "ChessBase"]
[SourceQuality "1"]
[TimeControl "900+5"]

1. d4 {[%emt 0:00:00]} Nf6 {[%emt 0:00:00]} 2. c4 {[%emt 0:00:00]} g6 {[%emt 0:00:00]} 3. Nc3 {[%emt 0:00:00]} Bg7 {[%emt 0:00:00]} 4. e4 {[%emt 0:00:00]} d6 {[%emt 0:00:00]} 5. h3 {[%emt 0:00:00]} O-O {[%emt 0:00:00]} 6. Be3 {[%emt 0:00:00] LiveBook: 734 Games} Na6 {[%emt 0:00:00]} 7. Nf3 {[%emt 0:00:00]} e5 {[%emt 0:00:00]} 8. d5 {[%emt 0:00:00]} Nh5 {[%emt 0:00:00]} 9. Nd2 {[%emt 0:00:00]} Qe8 {[%emt 0:00:00]} 10. Be2 {[%emt 0:00:00] E90: King's Indian: Classical: Early deviations and 6 h3} (10. a3 f5 11. Nb3 b6 12. Qc2 Qe7 13. O-O-O Nc5 14. Be2 Nxb3+ 15. Qxb3 Nf6 16. Qc2 f4 17. Bd2 Bd7 {1-0 (47) Bachmann,A (2577)-Istratescu,A (2671) Graz 2014}) 10... Nf4 {[%emt 0:00:00]} 11. O-O {[%emt 0:00:00]} Nxe2+ {[%emt 0:00:00]} 12. Qxe2 {[%emt 0:00:00]} f5 {[%emt 0:00:00]} 13. exf5 {[%emt 0:00:00]} gxf5 {[%emt 0:00:00]} 14. f4 {[%emt 0:00:00]} Bd7 $146 {[%emt 0:00:00]} ({Predecessor:} 14... e4 15. Nb3 b6 16. Bd4 Qg6 17. a3 Bd7 {1-0 (34) Josse,M (2174)-Meek,S Daventry 2014}) 15. Rae1 {[%emt 0:00:00]} Qg6 {[%emt 0:00:00]} 16. Nf3 {[%emt 0:00:00]} Rae8 {[%emt 0:00:00]} ({Better is} 16... e4 $15 17. Nd4 Nb4) 17. Qd2 {[%emt 0:00:00]} ({Much weaker is} 17. Bxa7 b6 $17) 17... Kh8 {[%emt 0:00:00]} 18. a3 {[%emt 0:00:00]} ({Much weaker is} 18. Bxa7 b6 $17) 18... e4 {[%emt 0:00:00]} 19. Nd4 $1 {[%emt 0:00:00]} Nc5 {[%emt 0:00:00]} 20. Nce2 {[%emt 0:00:00]} (20. Ncb5 $11) 20... Rg8 {[%emt 0:00:00]} 21. b4 {[%emt 0:00:00]} (21. Nc1 $15) 21... Nd3 {[%emt 0:00:00]} 22. Rb1 {[%emt 0:00:00]} Bf6 {[%emt 0:00:00]} 23. Nc1 {[%emt 0:00:00]} Qg7 {[%emt 0:00:00]} 24. Ndb3 {[%emt 0:00:00]} Qh6 $2 {[%emt 0:00:00]} ({Much less strong is} 24... Bc3 {[#]} 25. Qxc3 $1 {[%mdl 512]} Qxc3 26. Bd4+ Qxd4+ 27. Nxd4 $15) (24... Nb2 $19 25. Rxb2 Bxb2) 25. Nxd3 {[%emt 0:00:00]} exd3 {[%emt 0:00:00]} 26. Rf3 $1 {[%emt 0:00:00]} Rg6 {[%emt 0:00:00]} (26... Qg7 $11 {keeps the balance.} 27. g3 h5) 27. Bd4 {[%emt 0:00:00]} ({Better is} 27. Kh2 $16) 27... Bxd4+ {[%emt 0:00:00]} 28. Nxd4 {[%emt 0:00:00]} Reg8 {[%emt 0:00:00]} 29. Rb2 {[%emt 0:00:00]} c5 {[%emt 0:00:00]} 30. dxc6 {[%emt 0:00:00]} bxc6 {[%emt 0:00:00]} 31. Qxd3 {[%emt 0:00:00]} Qg7 {[%emt 0:00:00]} 32. Rff2 {[%emt 0:00:00]} Rg3 {[%emt 0:00:00]} 33. Nf3 {[%emt 0:00:00]} Rxh3 {[%emt 0:00:00]} 34. Rbe2 {[%emt 0:03:05]} Qa1+ {[%emt 0:00:00]} 35. Rf1 {[%emt 0:01:34]} Rh1+ {[%emt 0:00:00]} 36. Kxh1 {[%emt 0:00:00]} Qxf1+ {[%emt 0:00:00]} 37. Ng1 {[%emt 0:00:00]} Qxf4 {[%emt 0:00:00]} 38. Qc3+ {[%emt 0:00:00]} Rg7 {[%emt 0:00:00]} 39. Qf6 {[%emt 0:00:05]} Qg5 {[%emt 0:00:00]} 40. Qf8+ {[%emt 0:00:44]} Rg8 {[%emt 0:00:00]} 41. Qxd6 {[%emt 0:00:04]} Qh4+ {[%emt 0:03:53]} 42. Nh3 {[%emt 0:00:00]} Qxc4 {[%emt 0:00:53]} 43. Qxd7 {[%emt 0:01:23]} Qxe2 {[%emt 0:00:00]} 44. Qd4+ {[%emt 0:00:00]} Rg7 {[%emt 0:00:00]} 45. Qd8+ {[%emt 0:00:00]} 1/2-1/2

[Event "Cellavision Cup 2018"]
[Site "Lund"]
[Date "2018.08.04"]
[Round "5"]
[White "Subramanian, Aditya"]
[Black "Jepson, Christian"]
[Result "1/2-1/2"]
[WhiteElo "2151"]
[BlackElo "2415"]
[Annotator "TA"]
[PlyCount "59"]
[EventDate "2018.08.03"]
[EventType "swiss"]
[EventCountry "SWE"]
[SourceTitle "playchess.com"]
[Source "ChessBase"]
[SourceQuality "1"]

{[%evp 16,59,46,51,46,49,87,70,95,93,106,64,77,52,89,47,50,27,25,10,5,0,0,0,0,0,6,0,27,23,22,22,18,20,21,12,12,31,38,37,22,31,35,0,0,0]} 1. c4 Nf6 2. Nc3 g6 3. Nf3 Bg7 4. g3 O-O 5. Bg2 d6 6. d4 Nc6 7. Bf4 {E62: Königsindisch (6...Sc6)} (7. O-O Bg4 8. h3 Bxf3 9. Bxf3 Nd7 10. e3 e5 11. d5 Ne7 12. Bg2 f5 13. b3 e4 14. Bb2 g5 15. f3 exf3 16. Qxf3 Ng6 17. Qe2 f4 18. exf4 gxf4 19. Ne4 Bxb2 20. Qxb2 Nde5 21. gxf4 Nxf4 {0-1 (36) Hou,Y (2658)-Nakamura,H (2777) chess.com INT 2018}) 7... Nh5 8. Be3 a6 9. O-O {LiveBook: 12 Partien. Weiß steht etwas besser.} e6 $146 ({Vorgänger:} 9... Nf6 10. Rc1 Ng4 11. Bg5 h6 12. Bd2 e5 13. d5 Nd4 14. h3 Nxf3+ 15. Bxf3 Nf6 16. Bg2 {½-½ (40) Jensen,E (2497)-Lebedev,V (2467) ICCF email 2013}) 10. Qd2 Ne7 11. Bh6 f5 12. Bxg7 Kxg7 13. Qd3 Rb8 14. Rac1 Bd7 15. Rfe1 b5 16. cxb5 axb5 17. b4 Nd5 18. Nxd5 exd5 19. Nd2 {[%cal Bf3d2,Bd2b3,Bb3a5][%mdl 32]} c6 20. Nb3 Rb6 21. Na5 f4 22. e4 fxe3 23. Rxe3 Rf7 24. Qd2 Nf6 25. Rec3 {[%cal Ra5c6]} Qe8 26. Re1 Re7 27. Rce3 Rxe3 28. Rxe3 Qf8 29. h3 Rb8 30. Rc3 {Precision: Weiß = 73%, Schwarz = 62%.} 1/2-1/2

[Event "Cellavision Cup 2018"]
[Site "Lund"]
[Date "2018.08.04"]
[Round "5"]
[White "Petersson, Kjell"]
[Black "Johansson, Linus"]
[Result "0-1"]
[WhiteElo "1999"]
[BlackElo "2457"]
[Annotator "TA"]
[PlyCount "146"]
[EventDate "2018.08.03"]
[EventType "swiss"]
[EventCountry "SWE"]
[SourceTitle "playchess.com"]
[Source "ChessBase"]
[SourceQuality "1"]

{[%evp 9,146,-27,-31,-31,-26,-33,-20,-43,-39,-37,-39,-31,-44,-61,-40,-47,-18,-20,-33,-29,-32,-33,-21,-162,-168,-168,-135,-145,-141,-144,-132,-132,-107,-107,-116,-169,-140,-167,-152,-152,-142,-147,-147,-147,-147,-147,-147,-147,-147,-145,-146,-144,-152,-152,-139,-168,-152,-160,-134,-179,-170,-170,-170,-170,-170,-268,-215,-159,-109,-166,-156,-322,-321,-307,-301,-297,-297,-408,-424,-406,-416,-483,-476,-458,-426,-417,-396,-850,-838,-1000,-1035,-1025,-863,-777,-765,-1065,-764,-1035,-1265,-1423,-1300,-851,-945,-5685,-4328,-12836,-12837,-12837,-12838,-12838,-12835,-12839,-12839,-12842,-12839,-12840,-12840,-12841,-12841,-12841,-12842,-12842,-12843,-12846,-12847,-12847,-12847,-12849,-12847,-12849,-12848,-12849,-12847,-12848,-12847,-12848,-12847,-29994,-29995]} 1. f4 Nf6 2. Nf3 g6 3. e3 Bg7 4. Be2 O-O 5. O-O c5 {LiveBook: 33 Games} 6. c3 {A02: Bird's Opening} (6. d3 d5 7. Ne5 Qb6 8. Nd2 Nc6 9. Ndf3 Nd7 10. Nxc6 bxc6 11. Qe1 f5 12. Qh4 Re8 13. e4 Bf6 14. Ng5 Nf8 15. exf5 Bxf5 {0-1 (37) Sequera Paolini,J (2405)-Zherebukh,Y (2642) Cappelle-la-Grande 2012}) 6... b6 7. d3 d5 8. a4 {The position is equal.} Nc6 9. Ne5 $146 ({Predecessor:} 9. Na3 Bb7 10. Rb1 Nd7 11. d4 c4 12. b3 cxb3 13. c4 Nf6 14. Ne5 Ne4 15. Qxb3 Na5 {½-½ (85) Raffalt,M (2290)-Schein,K Austria 1991}) 9... Qc7 10. Nxc6 Qxc6 11. Bf3 Ba6 12. c4 Rad8 13. Nc3 e6 14. Nb5 Qd7 $36 {[%mdl 2048] Black has good play.} 15. Qe2 $1 Bb7 16. Na3 (16. e4 $1 $11 {and White is okay.}) 16... dxc4 $1 $19 17. dxc4 Bxf3 18. gxf3 Qxa4 19. Bd2 Qd7 20. Bc3 Qd3 21. Qxd3 Rxd3 22. Kf2 (22. Rfd1 $17 {was called for.} Rxe3 23. Kf2 Rxc3 24. bxc3) 22... Rfd8 23. Nb5 a5 24. Ke2 Ne8 {White must now prevent ...Bxc3.} 25. Rfd1 Rxd1 26. Rxd1 Rxd1 27. Kxd1 Bxc3 28. Nxc3 $17 {[%mdl 4096] Endgame KN-KN} Nd6 29. b3 Kf8 30. Na4 {[#]} Nc8 $1 31. Kd2 Ke7 32. Kd3 Kd7 33. Nc3 Nd6 34. Nd1 Kc6 35. Nb2 b5 36. Kc3 Kb6 37. Nd3 (37. Kc2 $142) 37... bxc4 38. bxc4 a4 {[%cal Ba5a4,Ba4a3][%mdl 32]} 39. Ne5 a3 40. Nd7+ $2 (40. Kb3 $17) 40... Kc6 $19 41. Ne5+ Kc7 42. Kb3 {[#]} f6 $1 {[%cal Rf6e5]} 43. Nd3 {[#]} Nxc4 $1 {[%mdl 512]} 44. Nxc5 (44. Kxc4 a2) 44... Nxe3 45. Kxa3 Kd6 46. Ne4+ Ke7 47. Kb3 Nd5 48. Kc2 $2 (48. f5 gxf5 49. Ng3) 48... Nxf4 49. Kd2 f5 50. Ng3 Kf6 51. Ke3 g5 {[%cal Bg6g5,Bg5g4][%mdl 32]} 52. Kf2 h5 53. Nf1 g4 54. Kg3 Ng6 55. Kf2 Kg5 56. Kg3 e5 {[%cal Be6e5,Be5e4,Be4e3][%mdl 32]} 57. Nd2 gxf3 58. Nxf3+ Kf6 59. Kf2 e4 60. Nd4 f4 61. Nc6 e3+ 62. Ke2 Kf5 63. Nd4+ Ke4 64. Nf3 Ne5 65. Ng5+ Kf5 66. Nh3 Ng4 67. Ng1 Nxh2 68. Nh3 Ng4 69. Kf3 Ne5+ 70. Ke2 h4 71. Ng1 Ke4 {( -> ...f3+)} 72. Nh3 f3+ 73. Kf1 e2+ {Precision: White = 46%, Black = 80%.} 0-1

[Event "Cellavision Cup 2018"]
[Site "Lund"]
[Date "2018.08.04"]
[Round "6"]
[White "Shirov, Alexei"]
[Black "Hector, Jonny"]
[Result "1-0"]
[WhiteElo "2631"]
[BlackElo "2491"]
[Annotator "TA"]
[PlyCount "95"]
[EventDate "2018.08.03"]
[EventType "swiss"]
[EventCountry "SWE"]
[SourceTitle "playchess.com"]
[Source "ChessBase"]
[SourceQuality "1"]

{[%evp 22,95,37,22,29,18,27,8,14,12,64,59,57,55,126,124,125,113,113,119,125,129,206,195,230,156,169,159,161,165,158,184,176,166,174,167,245,85,217,222,279,250,280,271,280,281,258,204,186,192,299,306,503,503,479,436,510,511,497,412,457,338,616,610,2811,2334,5720,5633,29976,29978,29979,29980,29963,29961,29979,29980]} 1. e4 e5 2. Nf3 Nf6 3. Nxe5 d6 4. Nf3 Nxe4 5. d4 d5 6. Bd3 Nc6 7. O-O Bg4 8. c4 Nf6 9. Nc3 Be7 10. cxd5 Nxd5 11. h3 {C42: Petroff Defence: 3 Nxe5 and unusual White 3rd moves} Be6 12. Ne4 {LiveBook: 3 Games} (12. Re1 O-O 13. a3 Re8 14. Bc2 Bf6 15. Qd3 g6 16. Bh6 Nxc3 17. bxc3 Bf5 18. Rxe8+ Qxe8 19. Qd2 Bxc2 20. Qxc2 Qd7 21. Re1 {½-½ (35) Stevic,H (2616)-Fridman,D (2626) Heraklio 2017}) 12... h6 13. a3 {White has an edge.} O-O 14. Bc2 $146 Re8 15. Ne5 Nf6 ({Better is} 15... Nxe5 $11 16. dxe5 c6) 16. Nxc6 $14 bxc6 17. Qd3 Qd5 ({Black should try} 17... Bd6 $14) 18. Nxf6+ $16 Bxf6 19. Qh7+ $1 Kf8 20. Be4 Qd6 21. Bd2 $36 {[%mdl 2048] White is in control.} a5 (21... Rab8 $16 {might work better.}) 22. Rac1 $18 Ra6 23. Be3 {And now Bd3 would win.} Bd5 24. Bd3 Rb6 {Threatens to win with ...Rxe3!} 25. Rfe1 Re6 26. Bf5 Rxb2 27. Bxe6 fxe6 28. Rc5 a4 (28... Rb5 $142 29. Rb1 Kf7) 29. Qg6 $2 (29. Ra5 $1 $18 {[%cal Ra5a8] is the precise move to win. Black must now prevent Ra8+.} c5 30. Rxc5) 29... Qd8 {[#]} (29... Rb5 $16) 30. Ra5 $1 Bb3 31. d5 Bc2 {[#]} 32. Qg4 $1 {[%cal Rg4e6]} (32. Bc5+ Kg8 $16) 32... Bf5 33. Qxa4 cxd5 34. Bd4 Bxd4 35. Qxd4 Rc2 (35... Qf6 $142 36. Qxf6+ (36. Ra8+ Kf7 $16) 36... gxf6) 36. g4 Qh4 $2 (36... Rc4 37. Qe5 Qg5 38. Ra8+ Kf7) 37. Rc5 ({Weaker is} 37. Ra8+ Kf7 $16) 37... Kg8 38. Rxc2 Bxc2 39. Rxe6 {[%mdl 4096] Endgame KQR-KQB} Be4 40. Qc3 c5 41. Qg3 Qd8 $2 (41... Qg5 42. Qc3 h5) 42. f3 Qd7 43. Rd6 Qa4 44. fxe4 Qd1+ 45. Kg2 {White mates.} Qe2+ 46. Qf2 Qxe4+ 47. Qf3 Qc2+ 48. Kg3 {Precision: White = 61%, Black = 19%.} 1-0

[Event "Cellavision Cup 2018"]
[Site "Lund"]
[Date "2018.08.04"]
[Round "6"]
[White "Sumets, Andrey"]
[Black "Lindberg, Bengt"]
[Result "1-0"]
[WhiteElo "2575"]
[BlackElo "2416"]
[Annotator "ChessBase"]
[PlyCount "81"]
[EventDate "2018.08.03"]
[EventType "swiss"]
[EventCountry "SWE"]
[SourceTitle "playchess.com"]
[Source "ChessBase"]
[SourceQuality "1"]
[TimeControl "5400+30"]

1. d4 {[%emt 0:03:40]} Nf6 {[%emt 0:00:00]} 2. c4 {[%emt 0:00:03]} e6 {[%emt 0:00:00]} 3. Nf3 {[%emt 0:00:03]} d5 {[%emt 0:00:00]} 4. Nc3 {[%emt 0:00:38]} Bb4 {[%emt 0:00:08]} 5. Qa4+ {[%emt 0:03:53]} Nc6 {[%emt 0:00:07]} 6. e3 {[%emt 0:01:37]} O-O {[%emt 0:01:26]} 7. Bd2 {[%emt 0:00:04]} Re8 {[%emt 0:02:48]} 8. Qc2 {[%emt 0:00:24]} e5 {[%emt 0:16:15]} 9. dxe5 {[%emt 0:00:30]} Nxe5 {[%emt 0:00:14]} 10. cxd5 {[%emt 0:01:24]} Bg4 {[%emt 0:08:10]} 11. Nxe5 {[%emt 0:05:08]} Rxe5 {[%emt 0:00:07]} 12. Bc4 {[%emt 0:00:35]} Qe7 {[%emt 0:04:54]} 13. h3 {[%emt 0:03:10]} Bf5 {[%emt 0:08:40]} 14. Qb3 {[%emt 0:14:45]} c6 {[%emt 0:00:42]} 15. dxc6 {[%emt 0:02:51]} bxc6 {[%emt 0:00:02]} 16. O-O {[%emt 0:02:52]} Rb8 {[%emt 0:03:30]} 17. Qd1 {[%emt 0:11:55]} Bxh3 {[%emt 0:06:14]} 18. gxh3 {[%emt 0:01:00]} Rg5+ {[%emt 0:00:08]} 19. Kh2 {[%emt 0:01:06]} Rd8 {[%emt 0:09:37]} 20. Qe2 {[%emt 0:04:54]} Ng4+ {[%emt 0:23:25]} 21. hxg4 {[%emt 0:03:09]} Rxd2 {[%emt 0:00:23]} 22. Qf3 {[%emt 0:01:27]} Rd6 {[%emt 0:13:15]} 23. Ne4 {[%emt 0:11:12]} Rh6+ {[%emt 0:00:04]} 24. Kg2 {[%emt 0:00:02]} Rxg4+ {[%emt 0:00:22]} 25. Qxg4 {[%emt 0:00:07]} Rg6 {[%emt 0:00:06]} 26. Qxg6 {[%emt 0:00:03]} hxg6 {[%emt 0:00:06]} 27. Ng3 {[%emt 0:02:15]} Bd6 {[%emt 0:00:23]} 28. b3 {[%emt 0:00:34]} g5 {[%emt 0:01:04]} 29. Rad1 {[%emt 0:00:53]} g6 {[%emt 0:00:16]} 30. Rd4 {[%emt 0:01:05]} Be5 {[%emt 0:01:59]} 31. Rd3 {[%emt 0:02:12]} Kg7 {[%emt 0:00:25]} 32. Rfd1 {[%emt 0:06:23]} Bxg3 {[%emt 0:00:10]} 33. fxg3 {[%emt 0:01:14]} Qe4+ {[%emt 0:00:18]} 34. Kh2 {[%emt 0:00:09]} Qf3 {[%emt 0:00:55]} 35. R1d2 {[%emt 0:01:43]} f5 {[%emt 0:00:32]} 36. a4 {[%emt 0:01:47]} Qh5+ {[%emt 0:00:39]} 37. Kg2 {[%emt 0:00:41]} g4 {[%emt 0:00:21]} 38. Kg1 {[%emt 0:00:41]} Qh3 {[%emt 0:00:27]} 39. e4 {[%emt 0:01:39]} fxe4 {[%emt 0:00:39]} 40. Rh2 {[%emt 0:00:44]} exd3 {[%emt 0:00:19]} 41. Rxh3 {[%emt 0:00:03]} 1-0

[Event "Cellavision Cup 2018"]
[Site "Lund"]
[Date "2018.08.04"]
[Round "6"]
[White "Urkedal, Frode Olav Olsen"]
[Black "Kristiansen, Jens"]
[Result "1-0"]
[WhiteElo "2537"]
[BlackElo "2366"]
[Annotator "ChessBase"]
[PlyCount "85"]
[EventDate "2018.08.03"]
[EventType "swiss"]
[EventCountry "SWE"]
[SourceTitle "playchess.com"]
[Source "ChessBase"]
[SourceQuality "1"]
[TimeControl "5400+30"]

1. d4 {[%emt 0:00:00]} Nf6 {[%emt 0:00:00]} 2. c4 {[%emt 0:00:00]} e6 {[%emt 0:00:00]} 3. Nc3 {[%emt 0:00:00]} Bb4 {[%emt 0:00:00]} 4. Qc2 {[%emt 0:00:04]} O-O {[%emt 0:00:10]} 5. Nf3 {[%emt 0:00:03]} c5 {[%emt 0:00:43]} 6. dxc5 {[%emt 0:00:15]} Na6 {[%emt 0:00:59]} 7. g3 {[%emt 0:00:57]} Nxc5 {[%emt 0:00:38]} 8. Bg2 {[%emt 0:00:05]} b6 {[%emt 0:03:24]} 9. O-O {[%emt 0:00:12]} Bb7 {[%emt 0:05:04]} 10. Nb5 {[%emt 0:00:49]} Nce4 {[%emt 0:01:42]} 11. Ng5 {[%emt 0:00:24]} d5 {[%emt 0:01:08]} 12. Nxe4 {[%emt 0:00:09]} Nxe4 {[%emt 0:01:30]} 13. cxd5 {[%emt 0:08:21]} exd5 {[%emt 0:00:30]} 14. Be3 {[%emt 0:00:21]} Qd7 {[%emt 0:12:10]} 15. Nd4 {[%emt 0:01:01]} Rac8 {[%emt 0:00:47]} 16. Qd3 {[%emt 0:00:35]} Bc5 {[%emt 0:01:12]} 17. Nb5 {[%emt 0:04:15]} Bc6 {[%emt 0:01:48]} 18. Nd4 {[%emt 0:01:00]} Bb7 {[%emt 0:00:40]} 19. Rfd1 {[%emt 0:01:37]} Rfe8 {[%emt 0:06:18]} 20. a3 {[%emt 0:06:18]} a5 {[%emt 0:03:19]} 21. Rac1 {[%emt 0:07:09]} h5 {[%emt 0:01:20]} 22. Rc2 {[%emt 0:09:38]} h4 {[%emt 0:02:24]} 23. Rdc1 {[%emt 0:06:21]} hxg3 {[%emt 0:04:27]} 24. hxg3 {[%emt 0:00:04]} a4 {[%emt 0:02:43]} 25. Rd1 {[%emt 0:11:21]} Qe7 {[%emt 0:02:34]} 26. Bxe4 {[%emt 0:07:43]} dxe4 {[%emt 0:00:52]} 27. Qb5 {[%emt 0:00:07]} Ra8 {[%emt 0:05:41]} 28. Nf5 {[%emt 0:03:11]} Qf6 {[%emt 0:07:15]} 29. Bxc5 {[%emt 0:04:25]} Qxf5 {[%emt 0:00:20]} 30. Qd7 {[%emt 0:00:05]} Qh5 {[%emt 0:12:45]} 31. Qxb7 {[%emt 0:01:14]} bxc5 {[%emt 0:00:11]} 32. Qd5 {[%emt 0:07:43]} Qg4 {[%emt 0:01:37]} 33. Kg2 {[%emt 0:06:17]} Rac8 {[%emt 0:01:58]} 34. Qc4 {[%emt 0:00:40]} Re6 {[%emt 0:02:44]} 35. Qxa4 {[%emt 0:04:04]} Qf5 {[%emt 0:04:08]} 36. Qd7 {[%emt 0:00:21]} Rce8 {[%emt 0:01:20]} 37. Rd5 {[%emt 0:00:20]} Qg6 {[%emt 0:01:06]} 38. Rdxc5 {[%emt 0:01:02]} e3 {[%emt 0:00:25]} 39. f3 {[%emt 0:01:44]} Qf6 {[%emt 0:00:40]} 40. Rc8 {[%emt 0:00:28]} Rxc8 {[%emt 0:00:10]} 41. Rxc8+ {[%emt 0:00:09]} Kh7 {[%emt 0:00:06]} 42. Qd3+ {[%emt 0:00:17]} g6 {[%emt 0:00:18]} 43. Qc3 {[%emt 0:00:05]} 1-0

[Event "Cellavision Cup 2018"]
[Site "Lund"]
[Date "2018.08.04"]
[Round "6"]
[White "Maiorov, Nikita"]
[Black "Ernst, Thomas"]
[Result "1-0"]
[WhiteElo "2504"]
[BlackElo "2346"]
[Annotator "TA"]
[PlyCount "83"]
[EventDate "2018.08.03"]
[EventType "swiss"]
[EventCountry "SWE"]
[SourceTitle "playchess.com"]
[Source "ChessBase"]
[SourceQuality "1"]

{[%evp 22,83,0,0,0,-2,10,0,2,0,4,9,27,0,5,-14,7,2,18,7,23,23,36,46,57,46,41,43,47,47,60,69,54,13,95,45,63,60,128,137,191,194,192,200,295,237,222,232,244,140,297,287,281,257,235,156,477,476,462,468,418,441,678,723]} 1. d4 Nf6 2. c4 e6 3. Nc3 Bb4 4. Qc2 d5 5. cxd5 Qxd5 6. Nf3 Qf5 7. Qxf5 exf5 8. a3 Be7 9. Bf4 {E34: Nimzo-Indian: Classical: 4...d5} c6 10. e3 Nbd7 (10... Be6 11. Nd2 Nbd7 12. Nc4 Bxc4 13. Bxc4 Nh5 14. Be5 O-O 15. h3 Nxe5 16. dxe5 g6 {1-0 (46) Gupta,A (2634)-Melkumyan,H (2633) London 2016}) 11. Bd3 Nb6 12. O-O {LiveBook: 4 Games} Nfd5 13. Bg3 $146 ({Predecessor:} 13. Be5 O-O 14. Rfc1 Be6 15. b4 Nxc3 16. Rxc3 Nd5 {0-1 (67) Bennborn,J (2243)-De Groot,A (2434) ICCF email 2001}) 13... g5 14. Ne2 Be6 15. Rfc1 a5 16. h3 Rd8 17. Ne1 O-O 18. Bc2 Nd7 19. Nd3 {[%cal Be1d3,Bd3c5,Bc5b3,Bb3d2,Bd2f3,Bf3e5][%mdl 32]} N7f6 20. Bh2 h6 21. Nc5 Bc8 22. Nb3 b6 23. Bd3 a4 24. Nd2 c5 25. Nf3 Ne4 26. Ne5 {Hoping for Nc6.} Bd6 27. Bb5 f6 (27... Bxe5 $11 {keeps the balance.} 28. Bxe5 f4) 28. Nd3 Bxh2+ 29. Kxh2 {[%cal Rd4c5]} cxd4 (29... Kg7 $14) 30. Nxd4 $16 f4 (30... Kh8 $16 {was called for.} 31. Bxa4 f4) 31. Nc6 $18 Bd7 32. exf4 (32. Nxd8 Bxb5 33. Ne6 Re8 $11) (32. Bxa4 $6 Bxc6 33. Bxc6 fxe3 $14) 32... gxf4 (32... Bxc6 {is a better defense.} 33. Bxc6 (33. Rxc6 Nxf4 34. Nxf4 gxf4 $18) 33... Rd6 34. Bxa4 Nxf4) 33. Bxa4 Bxc6 34. Bxc6 f3 35. Rc4 ({Don't play} 35. gxf3 $6 Nd2) (35. Rd1 $18 {Ne1 is the strong threat.} Ng5 36. Ne1) 35... f5 $2 {[#]} (35... Nd2 $16 36. Rg4+ Kf7) 36. Ne5 ({Don't do} 36. gxf3 $6 Nd2 $16) 36... Ne7 37. gxf3 Nxf2 {intending ...Rd2.} 38. Rg1+ Kh7 $2 (38... Kh8 $16 {is tougher.} 39. Nd7 Rg8 40. Rxg8+ (40. Nxb6 Rd6 $11) 40... Rxg8) 39. Nd7 Rf7 40. Bb5 Nd3 41. Rd4 Nc5 {[#]} (41... Rxd7 $142 42. Bxd7 Ne5) 42. Nf6+ $1 {[%mdl 512] Precision: White = 65%, Black = 27%.} 1-0